[Event "Let's Play Chess!"]
[Site "http://www.queenalice.com/game.php?id=1840222"]
[Date "2024.7.14"]
[Round "-"]
[White "sasquatico"]
[Black "Mlintz"]
[Result "1/2-1/2"]
[WhiteElo "1875"]
[BlackElo "1929"]

1. d4 d5 2. Nc3 Nf6 3. h3 e6 4. a3 c5 5. Bg5 Nbd7 6. e3 Be7 7. Bb5 O-O 8. dxc5
Nxc5 9. Nf3 a6 10. Be2 b5 11. b4 Nce4 12. Nxe4 dxe4 13. Qxd8 Rxd8 14. Nd4 Bb7
15. c4 bxc4 16. Bxc4 Kf8 17. O-O Nd5 18. Bxe7+ Nxe7 19. b5 axb5 20. Bxb5 Nd5 21.
Nc6 Rd6 22. Nd4 Ba6 23. Bxa6 Raxa6 24. Nb5 Rdb6 25. a4 Ra5 26. Nd4 Rba6 27. Rfc1
Rxa4 28. Rxa4 Rxa4 29. g3 Ra8 30. Kg2 g5 31. g4 Kg7 32. Kg3 h6 33. h4 gxh4+ 34.
Kxh4 Kg6 35. Nc6 f5 36. gxf5+ exf5 37. Nd4 Ne7 38. Rc7 Re8 39. f3 Nd5 40. Rc6+
Nf6 41. f4 Kf7 42. Nxf5 Kg6 43. Nd4 h5 44. f5+ Kf7 45. Rc7+ Re7 46. Rxe7+ Kxe7
47. Kg5 Kf7 48. Ne6 Nd5 49. Kxh5 Nxe3 50. Kg5 Nxf5 51. Kxf5 e3 52. Nd4 e2
1/2-1/2

[Event "Let's Play Chess!"]
[Site "http://www.queenalice.com/game.php?id=1840223"]
[Date "2024.7.14"]
[Round "-"]
[White "sasquatico"]
[Black "leoreis"]
[Result "1-0"]
[WhiteElo "1935"]
[BlackElo "1856"]

1. d4 d5 2. e3 e6 3. a3 Nf6 4. Nc3 a6 5. Bd3 Nc6 6. Nf3 h6 7. e4 dxe4 8. Nxe4
Nxe4 9. Bxe4 Qd7 10. Be3 Rb8 11. Ne5 Nxe5 12. dxe5 Qxd1+ 13. Rxd1 b5 14. Bc6+
1-0

[Event "Let's Play Chess!"]
[Site "http://www.queenalice.com/game.php?id=1840224"]
[Date "2024.7.14"]
[Round "-"]
[White "leoreis"]
[Black "sasquatico"]
[Result "1/2-1/2"]
[WhiteElo "1843"]
[BlackElo "1913"]

1. e4 e5 2. Nf3 d6 3. Nc3 Nf6 4. d4 exd4 5. Nxd4 Bd7 6. Be2 Nc6 7. Be3 Nxd4 8.
Bxd4 Be6 9. O-O a6 10. h3 h5 11. Bf3 c6 12. b3 Be7 13. Re1 c5 14. Be3 O-O 15. e5
dxe5 16. Bxb7 Qxd1 17. Raxd1 Ra7 18. Bf3 Bf5 19. Nd5 Nxd5 20. Rxd5 Rc7 21. c4 f6
22. Red1 g6 23. g4 hxg4 24. Bxg4 Bxg4 25. hxg4 Kg7 26. Kg2 Rf7 27. f3 a5 28. a4
g5 29. Bd2 Ra7 30. Be3 Rc7 31. Bd2 Ra7 32. Be3 Rc7 33. Bd2 1/2-1/2

[Event "Let's Play Chess!"]
[Site "http://www.queenalice.com/game.php?id=1840229"]
[Date "2024.7.14"]
[Round "-"]
[White "Charles56"]
[Black "sasquatico"]
[Result "1-0"]
[WhiteElo "1689"]
[BlackElo "1948"]

1. d4 d5 2. Nc3 e6 3. Nh3 a6 4. Bg5 Nf6 5. e3 h6 6. Bh4 g5 7. Bg3 Nc6 8. a3 Bd6
9. Bxd6 Qxd6 10. Be2 e5 11. dxe5 Nxe5 12. Bh5 Nxh5 13. Qxh5 Ng6 14. f4 Bxh3 15.
Qxh3 gxf4 16. O-O-O Qe6 17. Nxd5 Qxh3 18. gxh3 O-O-O 19. exf4 f5 20. Ne3 Nxf4
21. h4 Ne2+ 22. Kb1 f4 23. Nf5 Rxd1+ 24. Rxd1 Kb8 25. c3 Rg8 26. Nxh6 Rg1 27.
Rxg1 Nxg1 28. h5 f3 29. Ng4 Nh3 30. h6 Ng5 31. h4 Nh7 32. Kc2 c6 33. Kd3 Kc7 34.
Ke3 f2 35. Nxf2 Kd6 36. Kf4 Ke6 37. Ng4 Kf7 38. h5 Kg8 39. Kf5 Nf8 40. c4 c5 41.
b4 b6 42. bxc5 bxc5 43. Kf6 Nd7+ 44. Ke6 Nb6 45. Ne3 Kh7 46. Kd6 Kxh6 47. Kxc5
Na4+ 48. Kb4 Nb2 49. c5 Nd3+ 50. Kc4 Ne5+ 51. Kd5 Nd7 52. c6 Nb6+ 53. Kd6 Kxh5
54. c7 Kg6 55. a4 a5 56. Nd5 1-0

[Event "Let's Play Chess!"]
[Site "http://www.queenalice.com/game.php?id=1840230"]
[Date "2024.7.14"]
[Round "-"]
[White "sasquatico"]
[Black "Charles56"]
[Result "1/2-1/2"]
[WhiteElo "1922"]
[BlackElo "1689"]

1. d4 d5 2. e3 a6 3. Nf3 Nf6 4. Nc3 Bg4 5. Be2 e6 6. a3 Nc6 7. h3 Bh5 8. Ne5
Bxe2 9. Qxe2 Bd6 10. Nxc6 bxc6 11. e4 dxe4 12. Nxe4 h6 13. Nxd6+ cxd6 14. O-O
O-O 15. Be3 a5 16. c4 c5 17. dxc5 d5 18. cxd5 Qxd5 19. Rfd1 Qb7 20. Rab1 a4 21.
Qc4 Qc6 22. b4 Rfb8 23. Rd6 Qe4 24. Qxe4 Nxe4 25. Rd7 Nf6 26. Rdd1 Ne4 27. Bd4
f6 28. b5 e5 29. Bxe5 fxe5 30. Rdc1 Rc8 31. c6 Rab8 32. b6 Nd2 33. Rb4 Nb3 34.
Rcc4 Na5 35. b7 Rc7 36. Rc5 Nxb7 37. Rxb7 Rbxb7 38. cxb7 Rxb7 39. Ra5 e4 40.
Rxa4 Re7 41. Kf1 e3 42. fxe3 Rxe3 43. Kf2 Rc3 44. h4 g5 45. hxg5 hxg5 46. g3 Kf7
47. Ra6 g4 48. Ra4 Rf3+ 49. Kg2 Rb3 50. Rxg4 Rxa3 51. Kh3 Kf6 52. Kh4 Kf5 53.
Rf4+ Kg6 54. g4 Ra5 55. Kg3 Ra3+ 56. Rf3 Ra4 57. Kh4 Rb4 58. Rf5 1/2-1/2

[Event "Let's Play Chess!"]
[Site "http://www.queenalice.com/game.php?id=1840539"]
[Date "2024.7.21"]
[Round "-"]
[White "sasquatico"]
[Black "Charles56"]
[Result "0-1"]
[WhiteElo "1902"]
[BlackElo "1711"]

1. d4 d5 2. e3 Nf6 3. Nc3 e6 4. Nf3 Bd6 5. Bd3 Bd7 6. e4 dxe4 7. Nxe4 Nxe4 8.
Bxe4 Bc6 9. d5 exd5 10. Bxd5 Bxd5 11. O-O O-O 12. Bg5 f6 13. Bh4 Bc6 14. Bg3
Bxg3 15. Qxd8 Bxh2+ 16. Nxh2 Rxd8 17. Rad1 Nd7 18. Ng4 Nf8 19. Ne3 Ng6 20. Nf5
Rxd1 21. Rxd1 Ne5 22. b3 g6 23. Ne3 Nf7 24. a4 Rd8 25. Rxd8+ Nxd8 26. f3 Kf7 27.
c4 a5 28. Kf2 f5 29. f4 Ne6 30. Kg3 h6 31. Nd5 Bxd5 32. cxd5 Nd4 33. d6 cxd6 0-1

[Event "Let's Play Chess!"]
[Site "http://www.queenalice.com/game.php?id=1840540"]
[Date "2024.7.21"]
[Round "-"]
[White "Charles56"]
[Black "sasquatico"]
[Result "1-0"]
[WhiteElo "1705"]
[BlackElo "1913"]

1. d4 d5 2. Nc3 e6 3. e3 a6 4. Be2 Bd7 5. Nh3 h6 6. Qd3 Nc6 7. a3 Nf6 8. Nf4 Bd6
9. Nh3 e5 10. dxe5 Nxe5 11. Qd2 Nc4 12. Bxc4 dxc4 13. Qd4 Be6 14. Nf4 Bxf4 15.
Qxf4 O-O 16. h3 Nd5 17. Nxd5 Bxd5 18. Bd2 Bxg2 19. Rg1 Bxh3 20. Qxh6 g6 21. Qxh3
Qe7 22. Bc3 1-0

[Event "Let's Play Chess!"]
[Site "http://www.queenalice.com/game.php?id=1840567"]
[Date "2024.7.21"]
[Round "-"]
[White "sasquatico"]
[Black "Capixaba789"]
[Result "1-0"]
[WhiteElo "1889"]
[BlackElo "1825"]

1. d4 e5 2. e4 exd4 3. Nf3 c5 4. Bc4 Be7 5. Ne5 d5 6. Bxd5 Be6 7. Bxe6 fxe6 8.
Qh5+ g6 9. Nxg6 Nf6 10. Qh6 Nc6 11. Nxh8 Qa5+ 12. Bd2 Nb4 13. Na3 Qc7 14. Qg7
O-O-O 15. Nb5 Qe5 16. O-O Re8 17. Nf7 Qh5 18. Nfd6+ 1-0

[Event "Let's Play Chess!"]
[Site "http://www.queenalice.com/game.php?id=1840569"]
[Date "2024.7.21"]
[Round "-"]
[White "sasquatico"]
[Black "Capixaba789"]
[Result "0-1"]
[WhiteElo "1893"]
[BlackElo "1842"]

1. d4 e5 2. d5 d6 3. e4 f5 4. Bb5+ Nd7 5. Nc3 Nf6 6. Bg5 Be7 7. exf5 O-O 8. Nf3
a6 9. Bd3 Nc5 10. Ne4 Nxd3+ 11. Qxd3 Kh8 12. Nh4 Nxe4 13. Bxe7 Qxe7 14. Qxe4 Qg5
15. g3 Bxf5 16. Nxf5 Rxf5 17. h4 Qf6 18. O-O Rf8 19. Qe3 Rf3 20. Qe2 h6 21. c3
b5 22. a4 Qf5 23. Kg2 Qg4 24. Rae1 Qxa4 25. Qxf3 Rxf3 26. Kxf3 Qc2 27. Rb1 Qd3+
28. Kg2 Qxd5+ 29. Kh2 a5 30. Rbd1 Qc4 31. Rb1 d5 32. Kg1 a4 33. Rfc1 e4 34. Kg2
c5 35. Kh3 Qd3 36. Rd1 Qc4 37. Rdc1 Qe2 38. Rf1 h5 0-1

[Event "Let's Play Chess!"]
[Site "http://www.queenalice.com/game.php?id=1840765"]
[Date "2024.7.24"]
[Round "-"]
[White "Charles56"]
[Black "sasquatico"]
[Result "0-1"]
[WhiteElo "1680"]
[BlackElo "1899"]

1. e4 e5 2. a3 Nf6 3. d3 Nc6 4. Bg5 h6 5. Bh4 g5 6. Bg3 d5 7. exd5 Qxd5 8. Nc3
Qd8 9. Be2 Nd4 10. Bxe5 Nxe2 11. Qxe2 Be6 12. Nf3 Rg8 13. h3 a6 14. O-O-O c6 15.
Nh2 Nd5 16. Nxd5 cxd5 17. Ng4 Bg7 18. Bxg7 Rxg7 19. Qe5 Rg6 20. f4 gxf4 21. Qxf4
Bxg4 22. hxg4 Qd6 23. Rde1+ Kf8 24. Qd4 Qf6 25. Qxd5 Qc6 26. Qd4 Qf6 27. Qc5+
Kg7 28. Rhf1 Qg5+ 29. Qxg5 Rxg5 30. Re7 Rf8 31. Rxb7 Rxg4 32. Rf2 Kg6 33. Rb6+
f6 34. Rxa6 h5 35. b4 Kg5 36. c4 h4 37. Kc2 f5 38. Ra5 Rf4 39. Re2 Kg4 40. Kd2
Kg3 41. Rae5 Rf2 42. Re3+ Kxg2 43. Rxf2+ Kxf2 44. Re2+ Kg3 45. Re3+ Kg4 46. Ke2
f4 47. Re4 Kg3 48. c5 h3 49. Re6 Rg8 50. Kf1 f3 51. Rh6 h2 52. c6 Rg4 53. c7 Rh4
54. Rg6+ Kf4 55. Rf6+ Ke5 56. Rxf3 h1=Q+ 0-1

[Event "Let's Play Chess!"]
[Site "http://www.queenalice.com/game.php?id=1840766"]
[Date "2024.7.24"]
[Round "-"]
[White "sasquatico"]
[Black "Charles56"]
[Result "1-0"]
[WhiteElo "1891"]
[BlackElo "1699"]

1. d4 d5 2. Nf3 h6 3. Nc3 e6 4. e4 dxe4 5. Nxe4 Bb4+ 6. c3 Ba5 7. Ne5 Bd7 8.
Nxd7 Qxd7 9. Nc5 Qd5 10. Qa4+ Nc6 11. Nxb7 Ne7 12. Nxa5 Qxa5 13. Qxa5 Nxa5 14.
Bb5+ c6 15. Ba6 Rb8 16. b4 Nb7 17. Bf4 O-O 18. Bxb8 Rxb8 19. Bxb7 Rxb7 20. O-O
a5 21. a3 axb4 22. axb4 Nd5 23. Rfc1 f6 24. g3 g5 25. h3 e5 26. dxe5 fxe5 27.
Kg2 e4 28. Ra8+ Kf7 29. Rh8 Kg7 30. Re8 Re7 31. Rxe7+ Nxe7 32. Re1 Nd5 33. Rxe4
Nxc3 34. Rc4 Nd5 35. Rxc6 Nxb4 36. Rc7+ Kg6 37. g4 Kf6 38. Kg3 Nd3 39. Rc6+ Kg7
40. f3 Ne5 41. Ra6 Nc4 42. f4 gxf4+ 43. Kxf4 Nd2 44. Kf5 Nf3 45. Ra7+ Kh8 46.
Kg6 Ne5+ 47. Kxh6 Kg8 48. g5 Nf7+ 49. Rxf7 Kxf7 50. g6+ Kg8 51. h4 Kh8 52. g7+
Kg8 53. h5 1-0

[Event "Challenge"]
[Site "http://www.queenalice.com/game.php?id=1840885"]
[Date "2024.7.25"]
[Round "-"]
[White "Mlintz"]
[Black "sasquatico"]
[Result "1-0"]
[WhiteElo "1961"]
[BlackElo "1898"]

1. e4 e5 2. Nf3 d6 3. c3 Bd7 4. d4 exd4 5. cxd4 Nf6 6. Nc3 a6 7. a4 h6 8. Be2
Be7 9. O-O Nc6 10. h3 Bxh3 11. gxh3 Qd7 12. Kh2 d5 13. e5 Ne4 14. Bd3 Nxc3 15.
bxc3 Na5 16. Rg1 g6 17. Rh1 Nc4 18. Kg2 g5 19. Kf1 g4 20. hxg4 Qxg4 21. Bxc4
dxc4 22. Be3 O-O-O 23. Nd2 Qxd1+ 24. Rxd1 b5 25. axb5 axb5 26. Rxh6 Rxh6 27.
Bxh6 Rh8 28. Be3 c6 29. Ke2 Kd7 30. Nf3 f6 31. d5 c5 32. d6 Bd8 33. Bxc5 f5 34.
Nd4 f4 35. e6+ Kc8 36. Nxb5 Rh6 37. e7 Re6+ 38. Kd2 Ba5 39. Kc1 Kd7 40. Rd2 f3
41. Kc2 Re5 42. Nc7 Bxc7 43. dxc7+ Kxc7 44. Bd6+ 1-0

[Event "Challenge"]
[Site "http://www.queenalice.com/game.php?id=1840888"]
[Date "2024.7.25"]
[Round "-"]
[White "sasquatico"]
[Black "Mlintz"]
[Result "0-1"]
[WhiteElo "1913"]
[BlackElo "1946"]

1. d4 c6 2. e4 d5 3. e5 c5 4. Bb5+ Bd7 5. Bxd7+ Nxd7 6. Nf3 e6 7. Nc3 a6 8. Bg5
Be7 9. Bxe7 Nxe7 10. dxc5 Nxc5 11. Nd4 b5 12. a3 O-O 13. O-O Ng6 14. Nf3 Qc7 15.
Re1 Nd7 16. Qd4 Rfc8 17. h4 Ne7 18. h5 h6 19. Re3 Nf5 20. Nxd5 exd5 21. Qxd5
Nxe3 22. fxe3 Kh8 23. e6 Nf6 24. Qf5 fxe6 25. Qxe6 Qxc2 26. Ne5 Re8 27. Ng6+ Kh7
28. Qh3 Qxb2 29. Rf1 Qxa3 30. Rxf6 Rxe3 31. Nf8+ Kg8 32. Qg4 Rxf8 33. Rxh6 Re1+
34. Kh2 Qc5 35. Rg6 Qg1+ 36. Kg3 Re3+ 37. Kh4 Qh2+ 38. Kg5 Re5+ 0-1

[Event "Let's Play Chess!"]
[Site "http://www.queenalice.com/game.php?id=1841163"]
[Date "2024.8.2"]
[Round "-"]
[White "Charles56"]
[Black "sasquatico"]
[Result "0-1"]
[WhiteElo "1669"]
[BlackElo "1906"]

1. e4 d5 2. exd5 Nf6 3. Bc4 a6 4. Nc3 Bg4 5. f3 Bh5 6. d4 h6 7. Nh3 Bg6 8. Qe2
Bf5 9. Nf2 Nbd7 10. h4 b5 11. g4 Bh7 12. f4 bxc4 13. Qxc4 Bxc2 14. Be3 Nb6 15.
Kd2 Nxc4+ 16. Kxc2 Nxe3+ 17. Kd3 Nfxd5 18. Nxd5 Nxd5 19. Ne4 Nxf4+ 20. Ke3 Ne6
21. Rhd1 g5 22. h5 Bg7 23. d5 Nf4 24. Rab1 Nxd5+ 25. Kf3 c6 26. Nc5 Qb6 27. Rdc1
O-O 28. Ke4 Qc7 29. Nd3 Nf6+ 30. Ke3 Qg3+ 31. Kd2 Rfd8 32. Rc3 Ne4+ 0-1

[Event "Let's Play Chess!"]
[Site "http://www.queenalice.com/game.php?id=1841164"]
[Date "2024.8.2"]
[Round "-"]
[White "sasquatico"]
[Black "Charles56"]
[Result "0-1"]
[WhiteElo "1870"]
[BlackElo "1736"]

1. d4 d5 2. Nc3 e6 3. a3 h6 4. e3 a6 5. Nf3 Nc6 6. Bd3 Nf6 7. Ne5 Nxe5 8. dxe5
Nd7 9. Qh5 g6 10. Bxg6 fxg6 11. Qxg6+ Ke7 12. f4 Qe8 13. Qxe8+ Kxe8 14. f5 Nxe5
15. fxe6 Bxe6 16. e4 Rd8 17. exd5 Bxd5 18. O-O Bc5+ 19. Kh1 Rd7 20. Nxd5 Rxd5
21. Bf4 Ng6 22. Bxc7 Rh7 23. Bg3 b5 24. b4 Ba7 25. Rae1+ Re7 26. Rxe7+ Kxe7 27.
h4 Rd2 28. h5 Nf8 29. Bf4 Rxc2 30. Bxh6 Nh7 31. Bg7 Bb8 32. Kg1 Ra2 33. Rf3 Rd2
34. h6 Rd5 35. g4 Rg5 36. Re3+ Kd7 37. Re4 Kd6 38. Kf2 Kd5 39. Ke3 Ba7+ 40. Kd3
Rg6 41. Re5+ Kc6 42. Re4 Ng5 43. Re7 Bb8 44. Re8 Bc7 45. Ke3 Nf7 46. Ra8 Kb7 47.
Re8 Nxh6 48. Bxh6 Rxh6 49. g5 Rg6 0-1

[Event "Capixaba789-3"]
[Site "http://www.queenalice.com/game.php?id=1841433"]
[Date "2024.8.4"]
[Round "3"]
[White "kuntakinte"]
[Black "sasquatico"]
[Result "0-1"]
[WhiteElo "1886"]
[BlackElo "1824"]

1. e4 d5 2. e5 Nc6 3. Nf3 Bg4 4. Bb5 a6 5. Bxc6+ bxc6 6. d4 e6 7. O-O c5 8. c3
c6 9. h3 Bh5 10. Qa4 Qb6 11. Be3 Bxf3 12. gxf3 c4 13. a3 Ne7 14. b4 cxb3 15. Nd2
b2 16. Rab1 Rb8 17. Rfd1 Nf5 18. Nf1 Qb5 19. Qc2 Bxa3 20. Re1 a5 21. Nd2 a4 22.
Rbd1 Be7 23. c4 Qb4 24. Nb1 a3 25. Bd2 Qb3 26. Qc3 a2 27. Qa5 a1=Q 28. Qc7 O-O
29. Qxc6 Nxd4 30. Qd7 Nxf3+ 31. Kf1 Nxe1 32. Kxe1 Qxd1+ 33. Kxd1 Qxb1+ 34. Ke2
Qe4+ 0-1

[Event "Challenge"]
[Site "http://www.queenalice.com/game.php?id=1841554"]
[Date "2024.8.7"]
[Round "-"]
[White "Mlintz"]
[Black "sasquatico"]
[Result "1-0"]
[WhiteElo "1922"]
[BlackElo "1849"]

1. e4 e5 2. Nf3 d6 3. c3 Bd7 4. h3 Nc6 5. d3 h6 6. Be3 Nf6 7. Qc2 d5 8. Nbd2
dxe4 9. dxe4 Bd6 10. O-O-O Be6 11. b3 a5 12. Bb5 Bd7 13. Nc4 Be7 14. Bxc6 bxc6
15. Ncxe5 Ba3+ 16. Kb1 a4 17. b4 Qb8 18. Ka1 Qb5 19. Bc5 O-O-O 20. Nxf7 1-0

[Event "Challenge"]
[Site "http://www.queenalice.com/game.php?id=1841555"]
[Date "2024.8.7"]
[Round "-"]
[White "sasquatico"]
[Black "Mlintz"]
[Result "0-1"]
[WhiteElo "1815"]
[BlackElo "1926"]

1. d4 e6 2. e4 d5 3. exd5 exd5 4. Qe2+ Be6 5. Nf3 Nf6 6. Bg5 Be7 7. Nc3 O-O 8.
Ne5 Nfd7 9. Bxe7 Qxe7 10. Qe3 c6 11. Bd3 Nf6 12. O-O-O c5 13. dxc5 Nc6 14. h4
Nxe5 15. Nb5 Nxd3+ 16. Rxd3 Ne4 17. Nd6 Nxd6 18. cxd6 Qxd6 19. Rhd1 Qb8 20. g3
b5 21. Rd4 a5 22. a3 Rc8 23. R1d3 b4 24. a4 Rc4 25. b3 Rxd4 26. Qxd4 Qc7 27. f4
Rc8 28. Rd2 Qc3 29. Qxc3 Rxc3 30. Rd3 Rxd3 31. cxd3 d4 32. Kd2 Bxb3 0-1

[Event "Let's Play Chess!"]
[Site "http://www.queenalice.com/game.php?id=1841766"]
[Date "2024.8.12"]
[Round "-"]
[White "Mlintz"]
[Black "sasquatico"]
[Result "1-0"]
[WhiteElo "1929"]
[BlackElo "1842"]

1. e4 e5 2. Nf3 d6 3. Bc4 h6 4. c3 Bd7 5. a4 a6 6. h3 Nc6 7. Qb3 Qf6 8. Qxb7 Rc8
9. Qxa6 Nge7 10. Ba2 Be6 11. Bxe6 Qxe6 12. O-O g5 13. Nh2 h5 14. f3 Bh6 15. d4
exd4 16. Qe2 dxc3 17. Nxc3 Nd4 18. Qd1 Qe5 19. Re1 Ng6 20. Nd5 c6 21. Ne3 Nf4
22. Nc4 Qc5 23. Ne3 Nc2 24. Nf1 Nxa1 25. Kh1 g4 26. Nf5 Bf8 27. Bxf4 Nc2 28. Re2
Nb4 29. Bxd6 Rd8 30. Rd2 Bxd6 31. Nxd6+ Rxd6 32. Rxd6 O-O 33. fxg4 h4 34. Qd4
Qxd4 35. Rxd4 c5 36. Rc4 Nd3 37. b3 Rb8 38. Rc3 Nf2+ 39. Kg1 Nxe4 40. Re3 Rb4
41. Rd3 Kg7 42. Ne3 Kg6 43. Nd5 Rd4 44. Rxd4 cxd4 45. Nb4 Nc5 46. a5 d3 47. Kf2
d2 48. Ke2 Nxb3 49. a6 Nd4+ 50. Kxd2 Nb5 51. Nc6 Nc7 52. Nb4 Kg5 53. Ke3 f5 54.
gxf5 Kxf5 55. Kf3 Kg5 56. g3 hxg3 57. Kxg3 Kh5 58. a7 Na8 59. Nd3 Nc7 60. Nf4+
Kg5 61. h4+ Kh6 62. Kg4 1-0

[Event "Let's Play Chess!"]
[Site "http://www.queenalice.com/game.php?id=1841768"]
[Date "2024.8.12"]
[Round "-"]
[White "sasquatico"]
[Black "Mlintz"]
[Result "0-1"]
[WhiteElo "1837"]
[BlackElo "1918"]

1. d4 e6 2. e4 d5 3. e5 c5 4. Bb5+ Bd7 5. Bxd7+ Nxd7 6. Nf3 h6 7. c3 b6 8. Be3
Ne7 9. Nbd2 Ng6 10. h4 Be7 11. h5 Ngf8 12. dxc5 bxc5 13. Nb3 a5 14. Nbd2 Nh7 15.
a3 Bg5 16. Nf1 Bxe3 17. Nxe3 Ng5 18. Ng4 O-O 19. Nxg5 Qxg5 20. Qe2 Rfb8 21. Rh3
Qe7 22. Rg3 Kh8 23. f4 f5 24. exf6 Nxf6 25. Nxf6 Qxf6 26. Qf2 c4 27. Rg6 Qf7 28.
Qd4 Kg8 29. Rb1 Rb3 30. g4 Rab8 31. Qd2 Rxa3 32. Qe3 Rab3 33. Rxe6 Rxb2 34. Rxb2
Rxb2 35. Re8+ Kh7 36. Re7 Qf6 37. Re6 Qh4+ 38. Kf1 Qh1+ 39. Qg1 Rb1+ 0-1

[Event "Let's Play Chess!"]
[Site "http://www.queenalice.com/game.php?id=1841774"]
[Date "2024.8.12"]
[Round "-"]
[White "Charles56"]
[Black "sasquatico"]
[Result "1-0"]
[WhiteElo "1718"]
[BlackElo "1836"]

1. e4 e5 2. Nf3 d6 3. h3 a6 4. Nc3 Nf6 5. Bc4 h6 6. d4 exd4 7. Nxd4 Bd7 8. Qf3
Qe7 9. b3 Nc6 10. Nxc6 Bxc6 11. Ba3 b5 12. Bd3 Bb7 13. O-O-O c5 14. Bb2 Bc6 15.
Rde1 c4 16. bxc4 Nd7 17. Nd5 Qg5+ 18. Kb1 Bxd5 19. exd5+ Be7 20. cxb5 Nc5 21.
bxa6 Nxa6 22. Re2 O-O 23. h4 Qxh4 24. Rxh4 Bxh4 25. Qg4 Bg5 26. Bxg7 Kxg7 27. f4
Nb4 28. fxg5 Nxd3 29. cxd3 Rg8 30. gxh6+ Kxh6 31. Qh4+ Kg7 32. Re3 Kf8 33. Qe7+
Kg7 34. Rg3+ Kh6 35. Qh4# 1-0

[Event "Let's Play Chess!"]
[Site "http://www.queenalice.com/game.php?id=1841775"]
[Date "2024.8.12"]
[Round "-"]
[White "sasquatico"]
[Black "Charles56"]
[Result "1-0"]
[WhiteElo "1803"]
[BlackElo "1728"]

1. d4 d5 2. e3 a6 3. h3 Nf6 4. Nc3 Bf5 5. Bd3 Bxd3 6. Qxd3 Nc6 7. Nf3 e6 8. a3
Bd6 9. e4 dxe4 10. Nxe4 Nxe4 11. Qxe4 f6 12. d5 Ne7 13. dxe6 c6 14. Bd2 Qb6 15.
b4 a5 16. Be3 Qb5 17. c4 Qa4 18. c5 Bc7 19. O-O Qb3 20. Rfb1 Qd5 21. Qxd5 Nxd5
22. Bd2 Ke7 23. b5 cxb5 24. Rxb5 Rab8 25. Bxa5 b6 26. cxb6 Nxb6 27. Nd4 Rhc8 28.
Nc6+ Kxe6 29. Nxb8 Rxb8 30. Re1+ Kd6 31. Bb4+ Kc6 32. Rc5+ Kb7 33. Re7 Rc8 34.
Rxg7 h5 35. Rf7 Na4 36. Ra5 Kb6 37. Rxa4 Be5 38. g3 Rc1+ 39. Kg2 Kb5 40. Ra5+
Kc6 41. Rxf6+ Bxf6 42. Ra6+ 1-0